| 000 | 00574nam a22002057a 4500 | ||
|---|---|---|---|
| 003 | OSt | ||
| 005 | 20140310181918.0 | ||
| 008 | 130717t xxu||||| |||| 00| 0 eng d | ||
| 050 |
_aGN 1 _b.Am512 1995 |
||
| 082 |
_aTR 301 _bAm3 1995 |
||
| 110 |
_aAmerican Anthropological Association _91207 |
||
| 245 |
_aAmerican Antropologist / _cBarbara Tedlock and Dennis tedlock, editors. |
||
| 300 |
_a182 p. ; _bill ; _c28 cm. |
||
| 521 | _aFaculty | ||
| 541 | _j1 | ||
| 562 | _e1 | ||
| 650 |
_aAnthrolologist _91208 |
||
| 650 |
_aAmerican _91209 |
||
| 942 |
_2lcc _cBK-TR _kTR |
||
| 999 |
_c6836 _d6836 |
||